Statistics for Things Named For People #2 - U.S. Centric

Click here to take the quiz!

General Stats

  • This quiz has been taken 34,326 times
    (7,363 since last reset)
  • The average score is 14 of 21

Answer Stats

Eponym % Correct
Pulitzer {Prize}
94%
Murphy's {Law}
93%
Heimlich {Maneuver}
90%
Ponzi {Scheme}
83%
George Foreman {Grill}
83%
Dewey {Decimal} System
82%
Lou Gehrig's {Disease}
82%
Gatling {Gun}
77%
Atkins {Diet}
73%
General Tso's {Chicken}
68%
Miranda {Rights}
64%
Bowie {Knife}
62%
Mason {Jar}
54%
Cobb {Salad}
53%
Monroe {Doctrine}
51%
Marshall {Plan}
49%
Fulbright {Scholar}
48%
Fosbury {Flop}
44%
Lorenzo's {Oil}
42%
Rube Goldberg {Machine}
42%
Tommy John {Surgery}
38%

Score Distribution

Percentile by Number Answered

Percent of People with Each Score

Your Score History

You have not taken this quiz since the last reset